000
00207 a2200097 4500
001
1449
100
_a
Smith, J.M
245
_a
Chemical engineering kinetics
260
_a
_b
Mcgrawhill
_c
090
_c
992
_d
992
942
_a
NUST-CAE
_c
M
_c
36844
999
_c
236522
_d
236522